000 00523 a2200169 4500
003 OSt
005 20231216113200.0
008 231216b |||||||| |||| 00| 0 eng d
020 _a9789355181688
040 _coclc
082 _a891.4337209
_bPAL/I
100 _aPaliwal, Suraj
_910147
245 _aIKKISAVIN SADI KA DOOSRA DASHAK AUR HINDI UPANYAS /
_cSuraj Paliwal
260 _aNew Delhi:
_bVani Prakashan,
_c2022.
300 _a283p
942 _2ddc
_cBK
_h891.4337209
_iPAL/I
_k891.4337209
_mPAL/I
999 _c43443
_d43443